000 00694nam a22002057a 4500
005 20160926144009.0
010 _aENG-116099
020 _a9789383575602
_c950.00
035 _aEN-99631
037 _bDBAD/PUB
082 _a323
245 _aHuman rights and social development /
_cedited by Suman Kalyan Chaudhury [and] Sukanta Sarkar
260 _aNew Delhi
_bSSDN Publishers & Distributors
_c2015
270 _a5A, Sahani Mansion Ansari Road, Daryaganj
_bNew Delhi
_e110002
300 _axiii,194p. :
_bill
_c21cm(Hb)
500 _aIncludes bibliographical references
700 _aChaudhury, Suman Kalyan
700 _aSarkar, Sukanta
942 _2ddc
_cEN
_h323
_mHUM
999 _c103643
_d103643